Tres Temas Fundamentales Sobre la Fase Inicial del Proceso Penal/ (Registro nro. 8188)

Detalles MARC
000 -LEADER
fixed length control field 00825nam a2200205Ia 4500
005 - FECHA Y HORA DE LA ÚLTIMA TRANSACCIÓN
control field 20230519105855.0
008 - FIXED-LENGTH DATA ELEMENTS--GENERAL INFORMATION
fixed length control field 230508s9999 xx 000 0 und d
020 ## - INTERNATIONAL STANDARD BOOK NUMBER
International Standard Book Number 999238090X
040 ## - CATALOGING SOURCE
Original cataloging agency UPAN
Transcribing agency Biblioteca San Vicente
Description conventions RCAA2
041 ## - LANGUAGE CODE
Language code of text/sound track or separate title spa
082 ## - DEWEY DECIMAL CLASSIFICATION NUMBER
Classification number 345
Item number C667t
110 ## - MAIN ENTRY--CORPORATE NAME
Corporate name or jurisdiction name as entry element Consejo Nacional de la Judicatura
245 #0 - TITLE STATEMENT
Title Tres Temas Fundamentales Sobre la Fase Inicial del Proceso Penal/
Remainder of title Consejo Nacional de la Judicatura
250 ## - EDITION STATEMENT
Edition statement 1ª ed.
260 ## - PUBLICATION, DISTRIBUTION, ETC. (IMPRINT)
Place of publication, distribution, etc El Salvador:
Name of publisher, distributor, etc Escuela de Capacitaciones Judicial,
Date of publication, distribution, etc 1999
300 ## - PHYSICAL DESCRIPTION
Extent 601 p.:
Dimensions 23 cm.
505 ## - FORMATTED CONTENTS NOTE
Formatted contents note 1. El estatuto bàsico de actuaciòn policial: La direcciòn funcional<br/>2. El requerimiento fiscal<br/>3. Temas relevantes relacionados con la actuaciòn del juez de paz en el proceso penal
650 ## - SUBJECT ADDED ENTRY--TOPICAL TERM
Source of heading or term LEMB
Topical term or geographic name as entry element Procedimiento penal
942 ## - ADDED ENTRY ELEMENTS (KOHA)
Koha item type Libros
Source of classification or shelving scheme Dewey Decimal Classification
Existencias
Withdrawn status Lost status Source of classification or shelving scheme Damaged status Not for loan Collection code Home library Current library Date acquired Total Checkouts Full call number Barcode Date last seen Copy number Price effective from Koha item type
    Dewey Decimal Classification     Colección General Biblioteca UPAN San Vicente Biblioteca UPAN San Vicente 08/05/2023   345 C667t 12000720 08/05/2023 01 08/05/2023 Libros
    Dewey Decimal Classification     Colección General Biblioteca UPAN San Vicente Biblioteca UPAN San Vicente 08/05/2023   345 C667t 12000721 19/05/2023 02 08/05/2023 Libros